000
00248nam a22001217a 4500
008
181030b xxu||||| |||| 00| 0 eng d
041
_a
eng
080
_a
579
100
_a
11
101
_a
MIKB
245
_a
Microbiology
_c
Davis
942
_2
udc
_c
BK
999
_c
51195
_d
51195